Voca LLCE - Statistics

General Stats
  • This quiz has been taken 26 times
  • The average score is 8 of 15
Answer Stats
Hint Answer % Correct
Artefact Artefact
100%
Agresser Assault
100%
Appartenir à Belong to
100%
Emprunter Borrow
100%
Exploiter Exploit
100%
Etranger Foreign
100%
Véritable, Authentique Genuine
100%
Hautain Haughty
100%
Heritage Legacy
100%
Preter Lend
100%
Musée Museum
100%
Propriété, Possession Ownership
100%
Massacrer Slaughter
100%
Voler à Steal from
100%
Stéréotypes Stereotypes
100%
Lutter Struggle
100%
Attaquer Attack
50%
Avoir des préjugés envers Be prejudiced against
50%
Un Etranger Foreigner
50%
Renouvellement Renewal
50%
S'établir Settle
50%
Stocker Store
50%
Colonisateurs Colonizers
0%
Controversé, Polémique Controversial
0%
Une Polémique Controversy
0%
Critique Criticism
0%
Cruauté Cruelty
0%
Conservateur de Musée Curator
0%
Humiliant Demeaning
0%
Dédaigneux, Méprisant Disdainful
0%
Assumer, Vivre pleinement Embrace
0%
Exposition d'art Exhibition
0%
Qui va à la chasse perd sa place Finders keepers, Losers weepers
0%
Visite Guidée Guided Tour
0%
Braquage Heist
0%
Plein d'espoir, Optimiste Hopeful
0%
Hériter Inherit
0%
Garder sous controle Keep Under Control
0%
Pillé Looted
0%
En cours Ongoing
0%
Perspective Perspective
0%
Conserver, Préserver Preserve
0%
Fierté Pride
0%
Fier, Fière Proud of
0%
Reconnaissance, Identification Recognition
0%
Rapatriement Repatriation
0%
Dédommagement Restitution Damages
0%
Chatiment Retribution
0%
Colons, Colonisateurs Settlers
0%
Raconter une Histoire Tell a Story
0%
Vol Theft
0%
Voleur Thief
0%
Voleurs Thieves
0%
Transmettre Transmit
0%
No matching quizzes found
Score Distribution
Percent of People with Each Score
Percentile by Number Answered
Your Score History
You have not taken this quiz